000 01472nam a2200217Ia 4500
003 OSt
005 20200908125252.0
008 191128s2018 ck ao gr 000 0 spa d
020 _a9789585601772
040 _aCO-JMCR
_cCO-JMCR
041 0 _aspa
082 0 4 _a363.3409861 /
_bC718c
_223
245 0 0 _aColombia menos vulnerable :
_bla gestión del riesgo de desastres en nuestra historia /
260 _aBogotá :
_bUnidad Nacional para la Gestión del Riesgo de Desastres,
_c[2018]
300 _a4 volúmenes :
_bfotografías a color ;
_c28 cm.
504 _aBibliografía al final del tomo 4.
505 0 _av.1. Y una noche Mocoa se desvaneció -- Momento de revisar el cómo -- El camino de aprendizaje: siglo XX: tragedias imborrables -- Jueves santo y terrible en Popayán -- El día que Armero desapareció. -- v.2. Un sistema -- Murindó: terremoto doble -- Tierradentro: el día que cayeron las montañas -- Una capital en ruinas -- Está lloviendo sobre mojado -- v.3. La nueva mirada -- Space: evacuación que salvó vidas -- Salgar: la furia de una tormenta -- Santanderes: el reto de la reconstrucción - -Frontera: y un día tuvieron que partir -- v.4.Un niño con lecciones -- Mocoa avanza -- Manizales, después de la tormenta -- Ordenamiento territorial: debate del futuro -- Las cartas de navegación
650 1 4 _aPrevención de desastres
_xhistoria
_vfotografía
_zColombia
_99954
650 1 4 _aGestión del riesgo
_zColombia
_99955
942 _2ddc
_cBK
999 _c4569
_d4569